| 000 | 00434nam a22001697a 4500 | ||
|---|---|---|---|
| 003 | CEME | ||
| 005 | 20210628210714.0 | ||
| 008 | 210211b xxu||||| |||| 00| 0 eng d | ||
| 020 | _a1-56592-578-5 | ||
| 040 | _c. | ||
| 082 | _a005.7585 GEN | ||
| 100 |
_aGennick, jonathan _980635 |
||
| 245 | _aOracle sql plus the definitive guide | ||
| 260 |
_aBEIJING _bO,REILLY _c1999 |
||
| 650 |
_aORACLE SQL ORACLE 8 _980636 |
||
| 942 |
_cBK _2ddc |
||
| 999 |
_c585532 _d585532 |
||